| 000 | 00744nam a22002417a 4500 | ||
|---|---|---|---|
| 001 | 8080 | ||
| 003 | FISKH | ||
| 005 | 20251128090146.0 | ||
| 008 | 250821b cb ||||| |||| 00| 0 eng d | ||
| 020 | _a9780439116596 | ||
| 040 |
_aFISKH _beng _cFISKH _dFISKH |
||
| 082 | _a517 | ||
| 100 | _aBallinger, Margaret | ||
| 245 |
_aCollections / _cMargaret Ballinger and Rachel Gosset ; Illustrated by Lloyd Foye |
||
| 260 |
_aNew York : _bScholastic, _c1996. |
||
| 300 |
_a8 unnumbered pages : _bcolor illustrations ; _c18 cm |
||
| 505 | _aNP | ||
| 520 | _aThe children in this story collect lots of different things. | ||
| 700 |
_aGosset, Rachel _eAuthor |
||
| 700 |
_aFoye, Lloyd _eillustrator |
||
| 942 |
_2ddc _cBK _n0 |
||
| 999 |
_c8080 _d8080 |
||